000 01018cab a2200337 4500
001 ABS59074
008 090401t1998 xxu||||| |||| 00| 0 eng d
035 _a(Sirsi) u87812
041 _aeng
100 _aSlessenger, E.
245 _aIs the guarantor on the hook?
260 _c1998
350 _a0
490 _aEstates Gazette
_v(9830) 25 July 1998, 102-104(3)
520 _aProvides two constrasting views on whether the contractual guarantor can be required to stand behind an authorised guarantee agreement.
650 _aANTI-AVOIDANCE
650 _aASSIGNMENT
650 _aAUTHORISED GUARANTEE AGREEMENTS
650 _aCONTRACTUAL GUARANTOR
650 _aLANDLORD AND TENANT (COVENANTS) ACT 1995
650 _aLANDLORDS
650 _aPARENT COMPANY GUARANTEES
650 _aSURETIES
650 _aSURRENDERS
650 _aTENANT COVENANTS
650 _aTENANTS
690 _aLANDLORD AND TENANT-BUSINESS TENANCIES
700 _aCullen, S.
942 _n0
948 _c05/08/1998
999 _c55412
_d55412